000 00256nam a2200121Ia 4500
100 _a#N/A
650 _aComputer/ IT
942 _cBK
654 _aoracle
245 _aOracle 9 i :Learn Database Management Software
260 _b#N/A
546 _aENGLISH
999 _c20413
_d20413